00791nam a2200229Ia 4500003000900000008004100009020002200050040001600072080001600088100003400104245006600138250001200204260004000216300001500256650003200271650003200303650004000335650002700375942000700402999001700409952013500426IN-BaIIA211028s9999 xx 000 0 eng d a978-0-470-58948-9 cIIA Library a621.37bBAL aBalanis, Constantine A934934 0aAdvanced engineering electromagneticscConstantine A. Balanis a2nd ed. aNew JerseybJohn Wiley & Sonsc2011 axx, 1018p. aAdvanced engineering934935 aElectromagnetic waves92401 aElectromagnetism-Engineering934936 aWave propagation93418 cBK c18252d18252 00104070aBANbBANcGENd2012-03-15eSIP g10315.00l0o621.37/ BALp19174r2021-11-05v10315.00w2012-03-15yBKGRs. 10315.00